Estudio de prefactibilidad de una línea de producción de mermelada de Chiltomas en Hidropónicas de Nicaragua Chaguitillo, Matagalpa 2010

Presenta un estudio de prefactibilidad de una línea de producción de mermelada de Chiltoma dulce o Chiltomatillo, incluye estudio de mercado, estudio técnico y estudio financiero.

Bibliographic Details
Main Authors: Dávila Espinoza, Silvia Estela, López Benavides, Zuleyda del Carmen
Other Authors: Tutor: López Guadamuz, Juan José
Format: Tesis Section = Libro
Language:Undetermined
Spanish
Published: Managua UNI 2012
Subjects:
LEADER 01068nam a2200253Ia 4500
008 240830s9999 xx 000 0 und d
040 |a BIBLIOTECA-RUPAP Mon 658.404 D259 
041 |a spa 
082 |a Mon 658.404 D259 
100 1 |a Dávila Espinoza, Silvia Estela 
100 1 |b López Benavides, Zuleyda del Carmen 
245 1 0 |a Estudio de prefactibilidad de una línea de producción de mermelada de Chiltomas en Hidropónicas de Nicaragua Chaguitillo, Matagalpa 2010 
260 |a Managua  |b UNI  |c 2012 
300 |a 121 p. :il. 
500 |a Contiene: anexos e Incluye: CD. 
502 |a Tesis (Ingeniero Industrial)- UNI, 2012. 
520 3 |a Presenta un estudio de prefactibilidad de una línea de producción de mermelada de Chiltoma dulce o Chiltomatillo, incluye estudio de mercado, estudio técnico y estudio financiero. 
650 7 |a ADMINISTRACION DE PROYECTOS - JALEAS - CHILTOMAS 
650 7 |b ESTUDIO DE MERCADO 
650 7 |c ESTUDIO TECNICO 
700 1 |a Tutor:  |b López Guadamuz, Juan José 
942 |c BK  |2 ddc 
991 |a TESIS 
999 |c 17335